• 首页
  • 本馆介绍
  • 公告通知
  • 最新文献
  • 馆藏检索
  • 电子资源
  • 读者导购
  • 参考咨询
  • 我的图书馆
  • 登录
  • 详细信息显示
  • 放入我的书架
  • 预约/预借图书
  • 作者相关作品
  • 分类相关作品
  • 丛书相关作品
  • 出版社相关作品

书目信息

  • 表格格式
  • 工作单格式
  • 卡片格式
题名:
扶贫移民适应期生计可持续发展研究
    
 
作者: 郑瑞强, , 王英, 著
分册:  
出版信息: 南昌   江西人民出版社  2015
页数: 163页
开本: 24cm
丛书名: 当代学术文丛
单 册:
中图分类: F126 , F127.56
科图分类:
主题词: 移民--yi min--扶贫--研究--江西省 , 区域经济发展--qu yu jing ji fa zhan--研究--江西省
电子资源:
ISBN: 978-7-210-07905-7
000 01518nam0 22003251 450
001 1730284246
005 20170525101455.0
010    @a978-7-210-07905-7@dCNY36.00
100    @a20160411d2015 ekmy0chiy50 ea
101 0  @achi
102    @aCN@b360000
105    @aa a 000cy
106    @ar
200 1  @a扶贫移民适应期生计可持续发展研究@Afu pin yi min shi ying qi sheng ji ke chi xu fa zhan yan jiu@e以江西省为例@f郑瑞强, 王英著
210    @a南昌@c江西人民出版社@d2015
215    @a163页@c图@d24cm
225 2  @a当代学术文丛@Adang dai xue shu wen cong
300    @a本书受以下项目和单位资助: 教育部人文社科基金青年项目"扶贫移民适应期生计可持续发展研究——以江西省为例"(13YJCZH272), 国家社科基金一般项目"连片物困区扶贫资源配置效应与优化机制研究"(14BJL077), 江西省高校重点人文社科基地江西农业大学"三农"问题中心, "江西省现代农业及其优势产业可持续发展的决策支持" 江西省2011协同创新中心
320    @a有书目 (第162-163页)
330    @a本书主要内容包括:移民扶贫政策运行系统解构;扶贫移民适应期生计风险与生计变化;扶贫移民适应期生计可持续影响因素探寻;同步小康视野下扶贫移民扶贫资源承接等。
461  0 @12001 @a当代学术文丛
517 1  @a以江西省为例@Ayi jiang xi sheng wei li
606 0  @a移民@Ayi min@x扶贫@x研究@y江西省
606 0  @a区域经济发展@Aqu yu jing ji fa zhan@x研究@y江西省
690    @aF126@v5
690    @aF127.56@v5
701  0 @a郑瑞强,@Azheng rui qiang ,@f1983-@4著
701  0 @a王英,@Awang ying ,@f1982-@4著
801  0 @aCN@bTANG WEI@c20170522
905    @b0968593-7@dF126@e280@f5
    
    扶贫移民适应期生计可持续发展研究:以江西省为例/郑瑞强, 王英著.-南昌:江西人民出版社,2015
    163页:图;24cm.-(当代学术文丛)
    本书受以下项目和单位资助: 教育部人文社科基金青年项目"扶贫移民适应期生计可持续发展研究——以江西省为例"(13YJCZH272), 国家社科基金一般项目"连片物困区扶贫资源配置效应与优化机制研究"(14BJL077), 江西省高校重点人文社科基地江西农业大学"三农"问题中心, "江西省现代农业及其优势产业可持续发展的决策支持" 江西省2011协同创新中心
    
    ISBN 978-7-210-07905-7:CNY36.00
    本书主要内容包括:移民扶贫政策运行系统解构;扶贫移民适应期生计风险与生计变化;扶贫移民适应期生计可持续影响因素探寻;同步小康视野下扶贫移民扶贫资源承接等。
●
相关链接 在E读中查询图书 在五车中查询图书 在当当中查询图书 在豆瓣中查询图书


正题名:扶贫移民适应期生计可持续发展研究     索取号:F126/280         预约/预借

序号 登录号 条形码 馆藏地/架位号 状态 备注
1 0968593   209685937   第一样本阅览室/ [索取号:F126/280] 在馆    
2 0968594   209685946   密集书库-海洋学院/ [索取号:F126/280] 在馆    
3 0968595   209685955   第一借阅区/ [索取号:F126/280] 在馆    
4 0968596   209685964   第一借阅区/ [索取号:F126/280] 在馆    
5 0968597   209685973   第一借阅区/ [索取号:F126/280] 在馆    
唐山师范学院图书馆 欢迎您!
大连网信软件有限公司© 版权所有